000 00649cam a22002293a 4500
001 3494
003 PGUSA
005 20140828083033.0
008 021001s2002||||xxu|||||s|||||000 | eng d
040 _aPGUSA
_beng
042 _adc
050 4 _aML
100 1 _aWiggin, Kate Douglas Smith,
_d1856-1923
245 1 0 _aBluebeard; a musical fantasy
_h[electronic resource] /
_cKate Douglas Smith Wiggin
260 _bProject Gutenberg,
_c2002
506 _aPublic domain in the USA.
516 _aElectronic text
653 _aMusic -- Humor
830 0 _aProject Gutenberg
_v3494
856 4 0 _uhttp://www.gutenberg.org/ebooks/3494
942 _cEB
999 _c232823
_d232823